Koncepcia rozvoja vidieka na Slovensku

Koncepcia rozvoja vidieka schválená vládou SR v septembri 1998. Základné princípy a opatrenia politiky rozvoja vidieka. Integrovaný prístup k riešeniu problémov vidieka. Strategické ciele pre zlepšenie kvality života na vidieku.

Na minha lista:
Detalhes bibliográficos
Autor principal: Haraj, Vadim
Formato: Capítulo de Livro
Idioma:eslovaco
Assuntos:
Tags: Adicionar Tag
Sem tags, seja o primeiro a adicionar uma tag!

MARC

LEADER 00000naa a2200000 4500
001 r034477
005 20230922111237.8
041 0 |a slo 
044 |a CZ 
245 1 0 |a Koncepcia rozvoja vidieka na Slovensku  |c V. Haraj 
520 |a Koncepcia rozvoja vidieka schválená vládou SR v septembri 1998. Základné princípy a opatrenia politiky rozvoja vidieka. Integrovaný prístup k riešeniu problémov vidieka. Strategické ciele pre zlepšenie kvality života na vidieku. 
610 2 0 |a pôdohospodárstvo 
610 2 0 |a vidiek 
610 2 0 |a Slovensko 
610 2 0 |a koncepcie 
610 2 0 |a Európska únia 
610 2 0 |a legislatíva 
610 2 0 |a rozvoj trvalo udržateľný 
610 2 0 |a rozvoj územný 
100 1 |a Haraj, Vadim